Malaysia incorporated and privatisation towards national unity

Bibliographic Details
Other Authors: Mohd. Nor Abdul Ghani (Editor), Chia, Ian K. M. (Editor), Gale, Bruce (Editor), Wang, Bernard T. H. (Editor)
Format: Book
Language:English
Published: Petaling Jaya : Pelanduk Publications 1984
Subjects:

MARC

LEADER 00000cam a2200000 7i4500
001 0000002381
005 20240925.0
008 991129 my eng
020 |a 9679780260 
040 |a INS   |b eng   |e rda 
090 0 0 |a HC445.5   |b .M42 1984 
245 0 0 |a Malaysia incorporated and privatisation towards national unity   |c edited by Dr. Mohd. Nor Abdul Ghani, Dr. Bernard T. H. Wang, Dr. Ian K. M. Chia, Bruce Gale 
264 1 |a Petaling Jaya :   |b Pelanduk Publications   |c 1984 
300 |a viii, 112 pages ;   |c 23 cm. 
336 |a text  |2 rdacontent 
337 |a unmediated  |2 rdamedia 
338 |a volume  |2 rdacarrier 
650 0 |a Coporations, goverment   |z Malaysia 
650 0 |a Private company   |z Malaysia 
700 0 |a Mohd. Nor Abdul Ghani ,   |e editor 
700 1 |a Chia, Ian K. M. ,   |e editor 
700 1 |a Gale, Bruce ,   |e editor 
700 1 |a Wang, Bernard T. H. ,   |e editor 
999 |a 0000000736   |b BOOK   |c Open Shelf   |e Default branch